Sử dụng các loại số tiếng Anh trong công việc và sinh hoạt hằng ngày

Uloženo v:
Podrobná bibliografie
Médium: Kniha
Jazyk:Undetermined
Vydáno: Thành phố Hồ Chí Minh Nhà xuất bản Thành phố Hồ Chí Minh 2005
Témata:
Tagy: Přidat tag
Žádné tagy, Buďte první, kdo otaguje tento záznam!
Thư viện lưu trữ: Trung tâm Học liệu Trường Đại học Cần Thơ
LEADER 00620nam a2200181Ia 4500
001 CTU_93961
008 210402s9999 xx 000 0 und d
020 |c 38000 
082 |a 428.24 
082 |b S550 
245 0 |a Sử dụng các loại số tiếng Anh trong công việc và sinh hoạt hằng ngày 
245 0 |c Nguyễn Thành Yến dịch 
260 |a Thành phố Hồ Chí Minh 
260 |b Nhà xuất bản Thành phố Hồ Chí Minh 
260 |c 2005 
650 |a English language 
904 |i Tuyến 
980 |a Trung tâm Học liệu Trường Đại học Cần Thơ